00301nam a22001097a 4500008004100000020001500041082001400056110001300070245007600083260002300159300000900182230619b xxu||||| |||| 00| 0 eng d a9211513154 a304.8bUN bUNc1998 aWorld Population Monitoring 1997bInternation Migration and development aNew yorkbUNc1998 a204p